Compilers : Principles, techniques, and tools /

Saved in:
Bibliographic Details
Main Authors: Ullman, Jeffrey D (Author), Aho, Alfred V (Author), Sethi, Ravi (Author)
Format: Book
Language:English
Published: Reading : Addison-Wesley Publishing Company, 1986
Edition:1.vyd.
Subjects:
Tags: Add Tag
No Tags, Be the first to tag this record!

MARC

LEADER 00000nam a22000003a 4500
001 stu7328
005 20150617225809.2
008 950131s1986----xxu-----------------eng-d
020 |a 0-201-10194-7 
040 |a STU  |b slo 
041 0 |a eng 
044 |a xxu 
080 |a 681.32.068 
080 |a 519.685  |7 stu_us_auth*stu8263 
100 1 |a Ullman, Jeffrey D  |4 aut 
245 1 |a Compilers :  |b Principles, techniques, and tools /  |c [aut.] Aho,Alfred V.; Sethi,Ravi; Ullman,Jeffrey D 
250 |a 1.vyd. 
260 |a Reading :  |b Addison-Wesley Publishing Company,  |c 1986 
300 |a 796 s 
650 7 |a kompilery  |2 stusub 
650 7 |a automatické programovanie  |2 stusub 
650 7 |a kódové generátory  |2 stusub 
700 1 |a Aho, Alfred V  |4 aut 
700 1 |a Sethi, Ravi  |4 aut 
996 |c I*17C4898  |l II680  |s A  |a 24  |w stu7328_0001